UBT Library

Natural hormone replacement : (Record no. 42813)

000 -LEADER
fixed length control field 00814nam a2200253 a 4500
001 - CONTROL NUMBER
control field 3546219
005 - DATE AND TIME OF LATEST TRANSACTION
control field 20180216075010.0
008 - FIXED-LENGTH DATA ELEMENTS--GENERAL INFORMATION
fixed length control field 970730s1997 caua b 001 0 eng d
010 ## - LIBRARY OF CONGRESS CONTROL NUMBER
LC control number 97065916
020 ## - INTERNATIONAL STANDARD BOOK NUMBER
International Standard Book Number 0962741809
035 ## - SYSTEM CONTROL NUMBER
System control number (OCoLC)36974532
040 ## - CATALOGING SOURCE
Original cataloging agency IC
Transcribing agency IC
Modifying agency CBu
-- DLC
041 ## - LANGUAGE CODE
Language code of text/sound track or separate title eng
042 ## - AUTHENTICATION CODE
Authentication code lccopycat
080 ## - UNIVERSAL DECIMAL CLASSIFICATION NUMBER
Universal Decimal Classification number 618.17506 WRI
082 00 - DEWEY DECIMAL CLASSIFICATION NUMBER
Classification number 618.17506 WRI
Edition number 21
100 1# - Rafti
Rafti 4
101 ## - Shkurtesa
Shkurtesa SHM
245 10 - TITLE STATEMENT
Title Natural hormone replacement :
Statement of responsibility, etc by Jonathan V. Wright & John Morgenthaler.
504 ## - BIBLIOGRAPHY, ETC. NOTE
Bibliography, etc Includes bibliographical references and index.
906 ## - LOCAL DATA ELEMENT F, LDF (RLIN)
a 7
b cbc
c copycat
d 2
e opcn
f 19
g y-gencatlg
942 ## - ADDED ENTRY ELEMENTS (KOHA)
Source of classification or shelving scheme
Item type Books
Holdings
Withdrawn status Lost status Source of classification or shelving scheme Damaged status Not for loan Collection code Permanent location Current location Shelving location Date acquired Total Checkouts Full call number Barcode Date last seen Price effective from Koha item type
          Koleksioni i përgjithshem UBT - Lipjan UBT - Lipjan Koleksioni i përgjithshem 02/16/2018   618.17506 WRI 002-2998314 02/16/2018 02/16/2018 Books
UBT Library © 2015-2024. All rights reserved University Education for Business and Technology